<?xml version="1.0" encoding="UTF-8"?><?xml-stylesheet type="text/xsl" href="static/style.xsl"?><OAI-PMH xmlns="http://www.openarchives.org/OAI/2.0/" xmlns:xsi="http://www.w3.org/2001/XMLSchema-instance" xsi:schemaLocation="http://www.openarchives.org/OAI/2.0/ http://www.openarchives.org/OAI/2.0/OAI-PMH.xsd"><responseDate>2026-06-02T09:05:46Z</responseDate><request verb="GetRecord" identifier="oai:riuma.uma.es:10630/37299" metadataPrefix="marc">https://riuma.uma.es/rest/oai/request</request><GetRecord><record><header><identifier>oai:riuma.uma.es:10630/37299</identifier><datestamp>2026-02-03T11:42:52Z</datestamp><setSpec>com_10630_2254</setSpec><setSpec>col_10630_37956</setSpec></header><metadata><record xmlns="http://www.loc.gov/MARC21/slim" xmlns:dcterms="http://purl.org/dc/terms/" xmlns:doc="http://www.lyncode.com/xoai" xmlns:xsi="http://www.w3.org/2001/XMLSchema-instance" xsi:schemaLocation="http://www.loc.gov/MARC21/slim http://www.loc.gov/standards/marcxml/schema/MARC21slim.xsd">
   <leader>00925njm 22002777a 4500</leader>
   <datafield ind2=" " ind1=" " tag="042">
      <subfield code="a">dc</subfield>
   </datafield>
   <datafield ind2=" " ind1=" " tag="720">
      <subfield code="a">Gavilanes-Velaz-de-Medrano, Juan</subfield>
      <subfield code="e">author</subfield>
   </datafield>
   <datafield ind2=" " ind1=" " tag="720">
      <subfield code="a">Donaire Galiano, María Dolores</subfield>
      <subfield code="e">author</subfield>
   </datafield>
   <datafield ind2=" " ind1=" " tag="720">
      <subfield code="a">Hernández López, Rafael</subfield>
      <subfield code="e">author</subfield>
   </datafield>
   <datafield ind2=" " ind1=" " tag="260">
      <subfield code="c">2022</subfield>
   </datafield>
   <datafield ind2=" " ind1=" " tag="520">
      <subfield code="a">El desarrollo de esta investigación parte de un recorrido histórico a través&#xd;
de la evolución del patio andaluz en la arquitectura residencial, teniendo&#xd;
en cuenta sus influencias arquitectónicas, sociales, políticas, religiosas…&#xd;
etc. con la intención de observar la evolución de este elemento&#xd;
arquitectónico y su influencia en la vida de las personas.&#xd;
Se observa que el patio crea un ambiente más cálido que se transmite a&#xd;
la fachada y por tanto a la temperatura interior del edificio, reduciendo&#xd;
las pérdidas de calor a través de la fachada y favoreciendo el ahorro&#xd;
energético y el confort térmico. Las variables más importantes que influyeron&#xd;
en la simulación fueron las dimensiones del patio, la altura de&#xd;
los muros y su orientación.&#xd;
En el diseño del patio intervienen diferentes factores entre los que podemos&#xd;
destacar la proporción, la orientación, la geometría, y la elección de&#xd;
materiales. Además puede tener distintos componentes derivados de su&#xd;
diseño como los dispositivos de sombreado, la vegetación y la piscina o&#xd;
lámina de agua. Todo esto con sus distintas combinaciones y variables&#xd;
afecta al consumo de energía, a la temperatura interior y exterior, a la&#xd;
radiación solar y a la ventilación natural en climas diferentes. Estos factores&#xd;
climáticos que influyen en el microclima del patio podrían resumirse&#xd;
en 3: radiación solar, humedad y ventilación.&#xd;
El patio para dar respuesta a las necesidades de la sociedad actual con el&#xd;
uso de las nuevas tecnologías recuperando un elemento tradicional.</subfield>
   </datafield>
   <datafield ind1="8" ind2=" " tag="024">
      <subfield code="a">Capítulo de libro: El patio. Nueva concepción como órgano vital en la arquitectura residencial actual.&#xd;
Autores: María Dolores Donaire Galiano, Juan Gavilanes Vélaz de Medrano, Rafael Hernández López&#xd;
Localización: El mundo árabe e islámico y occidente. Retos de construcción del conocimiento sobre el otro / coord. por Mohamed el Mouden, Antonio Javier Martín Castellanos,</subfield>
   </datafield>
   <datafield ind1="8" ind2=" " tag="024">
      <subfield code="a">9788413776422</subfield>
   </datafield>
   <datafield ind1="8" ind2=" " tag="024">
      <subfield code="a">978-84-1377-642-2</subfield>
   </datafield>
   <datafield ind1="8" ind2=" " tag="024">
      <subfield code="a">https://hdl.handle.net/10630/37299</subfield>
   </datafield>
   <datafield tag="653" ind2=" " ind1=" ">
      <subfield code="a">Patios</subfield>
   </datafield>
   <datafield ind2="0" ind1="0" tag="245">
      <subfield code="a">El patio. Nueva concepción como órgano vital en la arquitectura residencial actual.</subfield>
   </datafield>
</record>
</metadata></record></GetRecord></OAI-PMH>